[Event "Weijers OHK op"]
[Site "Weijers"]
[Date "2003.??.??"]
[Round "1"]
[White "Hinssen, Paul"]
[Black "Muyrers, Cyril"]
[Result "0-1"]
[WhiteElo "1745"]
[BlackElo "1710"]
[PlyCount "58"]
[EventDate "2003.??.??"]
[EventType "swiss"]
[EventRounds "7"]
[EventCountry "NED"]
[SourceTitle "EXT 2007"]
[Source "ChessBase"]
[SourceDate "2006.11.23"]
[SourceVersion "1"]
[SourceVersionDate "2006.11.23"]
[SourceQuality "1"]

1. d4 Nf6 2. c4 g6 3. Nc3 Bg7 4. e4 d6 5. f3 0-0 6. Be3 e5 7. Bd3 Nc6 8. d5 Nd4 9. Nge2 Ne8 10. Qd2 c5 11. 0-0 f5 12. f4 g5 13. fxe5 f4 14. Nxf4 gxf4 15. Bxf4 dxe5 16. Bh6 Qh4 17. Rxf8+ Kxf8 18. Rf1+ Kg8 19. Bg5 Qh5 20. Qf2 Bd7 21. Be7 b6 22. d6 Qg6 23. Nd5 Ne6 24. Qh4 h6 25. Bf8 Qg5 26. Ne7+ Kh7 27. Qxg5 hxg5 28. Rf7 Nxf8 29. Nf5 Kg8 0-1